[Dopady normotvorby Európskej únie na normotvorbu členského štátu Európskej únie z hľadiska legislatívnej techniky a normotvorných procesov]

Recenzia na dielo ktoré je zamerané na špecifickú oblasť ústavného práva a štátovedy – normotvorbu.

Gespeichert in:
Bibliographische Detailangaben
1. Verfasser: Slezáková, Andrea, 1980-
Format: Buchkapitel
Sprache:Slowakisch
Schlagworte:
Tags: Tag hinzufügen
Keine Tags, Fügen Sie das erste Tag hinzu!

MARC

LEADER 00000naa a2200000 4500
001 0252075
005 20240502074037.1
041 0 |a slo 
044 |a SK 
245 1 0 |a [Dopady normotvorby Európskej únie na normotvorbu členského štátu Európskej únie z hľadiska legislatívnej techniky a normotvorných procesov]  |c Andrea Slezáková 
520 |a Recenzia na dielo ktoré je zamerané na špecifickú oblasť ústavného práva a štátovedy – normotvorbu. 
610 2 0 |a recenzie 
610 2 0 |a právo ústavné 
610 2 0 |a tvorba noriem 
100 1 |a Slezáková, Andrea, 1980-